000 00683nam a2200217Ia 4500
008 191130s2004##################000#0#eng##
020 _a9780470849958
040 _aACL
_cACL
082 _a796.01 Mcm
100 _aMcm.orris, Terry
245 _aAcquisition and performance of sports skills
_cTerry Mcm.orris
260 _aHoboken, N.J
_bJ. Wiley & Sons
_cc2004
300 _axvi, 300 p. : ill. ; 25 cm
500 _aIncludes bibliographical references (p. [287]-292) and index
650 _aAthletic ability
650 _aSports - Psychological aspects
650 _aSports sciences
990 _a91fdee37ac10000c4c3829d6e87963e0
991 _a330986
999 _c361243
_d361243